| 000 | 00444nam a22001457a 4500 | ||
|---|---|---|---|
| 022 | _a0803139195 | ||
| 082 |
_a620.135 _bAST _cN-01, P-89 |
||
| 100 |
_aASTM _925089 |
||
| 245 |
_aAnnual book of ASTM standards; 2005 _bSection four construction, Volume 04.01; cement; lime; Gypsum |
||
| 260 |
_aUSA: _bASTM; _c2005 |
||
| 300 |
_axix,698 p; _bill:; _c24 cm |
||
| 526 |
_a0 _b0 _c0 _d620_135000000000000_AST |
||
| 650 |
_aNUST _96342 |
||
| 942 |
_2ddc _cBK |
||
| 999 |
_c550531 _d550531 |
||